Calducho o las serpientes de calle Ahumada

Uloženo v:
Podrobná bibliografie
Hlavní autor: Castellano Girón, Hernán (Autor)
Médium: Kniha
Jazyk:španělština
Vydáno: Santiago Planeta Chilena 1998
Vydání:1a. ed
Témata:
Tagy: Přidat tag
Žádné tagy, Buďte první, kdo vytvoří štítek k tomuto záznamu!

MARC

LEADER 00000nam a2200000 a 4500
001 UCK6995
003 CL-VaPUC
008 051028e19980000CL |||||||||||||||||spa|d
020 |a 9562472043 
082 0 4 |a Ch863  |b CAS  |2 21 
100 0 |a Castellano Girón, Hernán  |e author  |9 496461 
245 1 0 |a Calducho o las serpientes de calle Ahumada 
250 |a 1a. ed 
300 |a 523 p 
942 |c BK 
945 |d 20051028 00:00:00  |a cmena 
260 |a Santiago  |b Planeta Chilena  |c 1998 
650 0 |a Novelas chilenas   |9 265425 
650 0 |a Literatura chilena   |9 308278 
583 |a last modification  |c 20051028 00:00:00  |k Rodrigo Vera 
999 |c 315089  |d 315087 
952 |0 0  |1 0  |4 0  |6 CH_863_000000000000000_CAS_1998  |7 0  |8 A  |9 388004  |a FDOPOS  |b FDOPOS  |d 2019-11-22  |i 4177495  |o Ch863 CAS 1998  |p 4177495  |r 2025-01-22  |w 2019-11-22  |y BK  |k MLH